| 000 | 00815nam a2200217 a 4500 | ||
|---|---|---|---|
| 003 | CBULib | ||
| 005 | 20240514085512.0 | ||
| 008 | 090529s2008 ||||||||||||||||| || u | ||
| 040 |
_bEnglish _cCBULib _erda _aCBULib _dCBULib |
||
| 050 | _aUN-ECE(02)2008 | ||
| 110 | _aUnited Nations Economic and Social Affairs (UNESA) | ||
| 245 | 1 | 0 |
_aReport of the fifty-sixth plenary session of the european statisticians _cby United Nations Economic Commission for Europe( UNECE) |
| 260 |
_aNew York: _bUNITED NATIONS _c2008 |
||
| 300 | _aiv, 18pages.: illustrations | ||
| 336 |
_2rdacontent _aText | _btxt |
||
| 337 |
_2rdamedia _aUnmediated | _bn |
||
| 338 |
_2rdacarrier _aVolume _bnc |
||
| 650 | _aSTATISTICIANS--EUROPE--CONGRESSES | ||
| 942 |
_2mc _c029 |
||
| 999 |
_c56141 _d56141 |
||